Movies Quiz

Random Movies or Director Quiz

1980s Horror Saturn Award Noms Quiz Stats

Quiz not verified by Sporcle

Challenge
Share
Tweet
Embed
Score 0/47 Timer 17:00
0 Plays Today
% Correct
The Shining
93.5%
The Thing
87%
Evil Dead II
87%
Halloween II
84.8%
Firestarter
84.8%
A Nightmare on Elm Street
84.8%
Little Shop of Horrors
84.8%
Psycho III
84.8%
Hellraiser
78.3%
Darkman
78.3%
Twilight Zone: The Movie
78.3%
Halloween 4: The Return of Michael Myers
78.3%
Christine
76.1%
A Nightmare on Elm Street 3: Dream Warriors
76.1%
The Fog
73.9%
Dressed to Kill
73.9%
Creepshow
73.9%
Poltergeist II: The Other Side
71.7%
Dead Ringers
71.7%
The Exorcist III
69.6%
Cujo
69.6%
Near Dark
67.4%
Child's Play
65.2%
A Nightmare on Elm Street 4: The Dream Master
63%
% Correct
Pet Semetary
60.9%
Re-Animator
60.9%
Pumpkinhead
60.9%
Hellbound: Hellraiser II
58.7%
Wolfen
56.5%
Ghost Story
56.5%
Santa Sangre
56.5%
Swamp Thing
56.5%
A Nightmare on Elm Street 2: Freddy's Revenge
54.3%
Waxwork
52.2%
The Fly II
52.2%
Bride of Re-Animator
52.2%
Nightbreed
52.2%
Dreamscape
50%
Deathtrap
47.8%
The Return of the Living Dead
47.8%
Lifeforce
47.8%
From Beyond
41.3%
The Keep
41.3%
Dead & Buried
32.6%
The Guardian
30.4%
Creature
28.3%
Fade to Black
23.9%

You're not logged in!

Compare scores with friends on all Sporcle quizzes.
Join for Free
OR
Log In

You Might Also Like...

Show Comments

Extras

Top Quizzes Today


Score Distribution

Your Account Isn't Verified!

In order to create a playlist on Sporcle, you need to verify the email address you used during registration. Go to your Sporcle Settings to finish the process.

Report this User

Report this user for behavior that violates our Community Guidelines.

Details: